000 02095cam a2200373 a 4500
001 8123
003 FISKH
005 20250827115702.0
008 071105s2008 nyua 000 0 eng
010 _a 2007045411
020 _a9780316118422
_qhardcover
020 _a0316118427
_qhardcover
035 _a15070595
040 _aDLC
_cDLC
_dDLC
_beng
050 0 0 _aBS1235.52
_b.F57 2008
082 0 0 _a222/.1109505
_222
100 1 _aFischer, Chuck.
245 1 0 _aIn the beginning :
_bthe art of Genesis : a pop-up book /
_cby Chuck Fischer.
260 _aNew York :
_bLittle, Brown,
_c2008.
300 _a12 unnumbered pages :
_bcolor illustrations ;
_c28 cm.
336 _atext
_btxt
_2rdacontent
337 _aunmediated
_bn
_2rdamedia
338 _avolume
_bnc
_2rdacarrier
520 _aA three-dimensional view of the Book of Genesis for older children, inspired by both a vintage copy of The Golden Children's Bible and a trip to Rome. Fischer and his collaborators offer a Garden of Eden scene executed in an artistic style that recalls ancient tile work; a huge Noah's Ark landed atop a mountain; and a Tower of Babel that climbs impressively high, even for a pop-up. The text, more commentary than story, is hidden in inset mini-books and is accompanied by reproductions of biblical masterpieces; those sophisticated elements will be of most interest to adults. The stained glass-like Jacob's Ladder, and the finale, Pharaoh's household from the Joseph story, show how this book becomes more amazing as pages are turned. --From amazon.com.
630 0 0 _aBible.
_pGenesis
_xCriticism, interpretation, etc.
630 0 0 _aBible.
_pGenesis
_vArt.
650 0 _aToy and movable books.
655 7 _aArt.
_2lcgft
_0https://id.loc.gov/authorities/genreForms/gf2017027218
856 4 2 _3Contributor biographical information
_uhttp://www.loc.gov/catdir/enhancements/fy0827/2007045411-b.html
856 4 2 _3Publisher description
_uhttp://www.loc.gov/catdir/enhancements/fy0827/2007045411-d.html
906 _a7
_bcbc
_corignew
_d1
_eecip
_f20
_gy-gencatlg
942 _2ddc
_cBK
_n0
999 _c8123
_d8123